Cargando...

Animal behaviour

Detalles Bibliográficos
Autor principal: M M Ranga
Formato: Printed Book
Lenguaje:Undetermined
Publicado: Agrobios 1999
Jodhpur
Edición:2
Materias:
LPM
LEADER 00615nam a2200241Ia 4500
008 141122s9999 xx 000 0 und d
020 |a 8177541501 
040 |c . 
041 |a English 
082 |a 591.5 
082 |b RAN/AN 
100 |a M M Ranga 
245 |a Animal behaviour 
245 |c M M Ranga 
250 |a 2 
260 |b Agrobios 
260 |b Jodhpur 
260 |c 1999 
300 |a 260 Pages 
650 |a LPM 
942 |c BK 
999 |c 3026  |d 3026 
952 |0 0  |1 0  |4 0  |6 591_500000000000000_RANAN  |7 0  |9 2992  |a COVAS  |b COVAS  |d 0000-00-00  |l 1  |m 1  |o 591.5 RAN/AN  |p 18389  |r 2017-08-23  |s 2017-08-08  |w 2014-11-26  |y BK